000 00318nam a2200133Ia 4500
005 20260328104248.0
008 260328s9999||||xx |||||||||||||| ||und||
100 _aNorling, Ernest
245 0 _aPerspective Drawing /
_cErnest Norling
260 _bWalter Foster
300 _a40 p.
650 _aDIBUJO
942 _cBK
999 _c10155
_d10155